000 00557nam a2200193 u 4500
001 000288762
003 AM-YeHGA
005 20250617125839.0
008 031201s1976 ||| |||||||||||||rus d
040 _aAM-YeHGA
041 0 _arus
100 1 _aВинокуров, Юрий Николаевич
245 1 0 _aЗаир /
_cЮ.Н. Винокуров.
260 _aМосква :
_bМысль,
_c1976.
300 _a79 с.
440 0 _aУ карты мира
650 1 4 _aЭкономика народного хозяйства
090 _c106998
999 _c105674
_d105674